| 000 -LEADER | |
|---|---|
| fixed length control field | 00420nam a22001697a 4500 |
| 005 - DATE AND TIME OF LATEST TRANSACTION | |
| control field | 20220218132636.0 |
| 008 - FIXED-LENGTH DATA ELEMENTS--GENERAL INFORMATION | |
| fixed length control field | 220210b ||||| |||| 00| 0 eng d |
| 020 ## - INTERNATIONAL STANDARD BOOK NUMBER | |
| ISBN | 978-93-5451-320-6 |
| 041 ## - LANGUAGE CODE | |
| Language code of text/sound track or separate title | eng |
| 082 ## - DEWEY DECIMAL CLASSIFICATION NUMBER | |
| Classification number | 615.1 |
| 100 ## - MAIN ENTRY--AUTHOR NAME | |
| Personal name | GUPTA, DR.G.D. AND OTHERS |
| 245 ## - TITLE STATEMENT | |
| Title | PRACTICAL MANUAL OF PHARMACEUTICS |
| 260 ## - PUBLICATION, DISTRIBUTION, ETC. (IMPRINT) | |
| Place of publication | PUNE |
| Name of publisher | NIRALI PRAKASHAN |
| 300 ## - PHYSICAL DESCRIPTION | |
| Number of Pages | 172;p |
| 650 ## - SUBJECT ADDED ENTRY--TOPICAL TERM | |
| Topical Term | PHARMACY |
| 942 ## - ADDED ENTRY ELEMENTS (KOHA) | |
| Koha item type | Books |
| Lost status | Damaged status | Collection code | Home library | Current library | Shelving location | Date acquired | Source of acquisition | Cost, normal purchase price | Full call number | Accession Number | Koha item type |
|---|---|---|---|---|---|---|---|---|---|---|---|
| Reference | JRU Library | JRU Library | SHELF-4-B | 10/02/2022 | PURCHASE | 180.00 | 615.1 | 26303 | Books | ||
| PHARMACY | JRU Library | JRU Library | Shelf - 27- A | 10/02/2022 | PURCHASE | 180.00 | 615.1 | 26304 | Books | ||
| PHARMACY | JRU Library | JRU Library | Shelf - 27- A | 10/02/2022 | PURCHASE | 180.00 | 615.1 | 26305 | Books | ||
| PHARMACY | JRU Library | JRU Library | Shelf - 27- A | 10/02/2022 | PURCHASE | 180.00 | 615.1 | 26306 | Books | ||
| PHARMACY | JRU Library | JRU Library | Shelf - 27- A | 10/02/2022 | PURCHASE | 180.00 | 615.1 | 26307 | Books |